000 00490nam a2200181Ia 4500
008 090123s9999 xx 000 0 und d
082 _b3735
100 _aगुंडन के.
245 _aगंडसलवे गंडसु
250 _a3
260 _c1974
300 _a30
600 _aगुंडन के.
630 _aगंडसलवे गंडसु
700 _aगुंडन के.
730 _aगंडसलवे गंडसु
942 _cBOOK
999 _c41814
_d41814